| 000 | 00737caa a2200205 4500 | ||
|---|---|---|---|
| 999 |
_c458318 _d458318 |
||
| 001 | 5147903 | ||
| 003 | UA-OsUOA | ||
| 005 | 20200225121709.0 | ||
| 008 | 200225b un ||||| |||| 00| 0 rus d | ||
| 040 |
_aUA-OsUOA _bukr _cUA-OsUOA _dUA-OsUOA |
||
| 041 | _arus | ||
| 080 | _a908 | ||
| 090 | _a908 | ||
| 100 | _aНемировский Е. Л. | ||
| 245 |
_aОсновная литература о жизни и деятельности Ивана Федорова _cЕ. Л. Немировский |
||
| 300 | _aС. 301–306 | ||
| 650 | _2UDC | ||
| 773 | 0 |
_0313162 _9320752 _aНемировский Е. Л. _dМосква Наука 1985 _o69556 _tИван Федоров (около 1510–1583) _w(UA-OsUOA) 26828 |
|
| 942 |
_2udc _cBKA |
||